000 00446nam a2200193Ia 4500
008 170918s9999 xx 000 0 und d
020 _a9780590433662
050 _bD716 1991
100 _aDorros, Arthur
245 _aAnimal tracks /
245 _cby Arthur Dorros.
260 _aNew York :
260 _bScholastic,
260 _c1991
300 _aunpaged :
300 _bcolored illustration ;
300 _c20cm.
500 _a540
999 _c343069
_d343069